Normal view
MARC view
- EMBEDDED COMPUTER SYSTEMS.C- COMPUTER PROGRAM LANGUAGE
Entry Topical Term
001 - CONTROL NUMBER
- control field: 61672
003 - CONTROL NUMBER IDENTIFIER
- control field: NUST
005 - DATE AND TIME OF LATEST TRANSACTION
- control field: 20210628202809.0
008 - FIXED-LENGTH DATA ELEMENTS
- fixed length control field: 210628|| aca||aabn | a|a d
040 ## - CATALOGING SOURCE
- Original cataloging agency: NUST
- Transcribing agency: NUST
150 ## - HEADING--TOPICAL TERM
- Topical term or geographic name entry element: EMBEDDED COMPUTER SYSTEMS.C- COMPUTER PROGRAM LANGUAGE
670 ## - SOURCE DATA FOUND
- Source citation: Work cat.: (NUST): Labrosse, Jean.J 61671, Embedded systems building blocks, complete and ready to use modules in c, 1988
